| 000 | 00731cab a2200181 4500 | ||
|---|---|---|---|
| 001 | L129909 | ||
| 008 | 050603n2005 000 0 eng u | ||
| 035 | _a(Sirsi) u129909 | ||
| 041 | _aeng | ||
| 100 | _aRoberts, Gwyn | ||
| 245 | _aOut of danger | ||
| 260 | _c2005 | ||
| 490 |
_aProperty Week _v70(20) 20 May 2005, 66-69(4) |
||
| 520 | _aReports on the redevelopment of a previously crime-ridden London square near Oxford Street. The mixed-use development will contain retail, residential office units and help regenerate the area. Sedley Place will also act as a catalyst to revitalising Oxford Street itself. | ||
| 590 | _aIKA070605 | ||
| 690 | _aPROPERTY-COMMERCIAL PROPERTY-COMMERCIAL PROPERTY DEVELOPMENT | ||
| 942 | _n0 | ||
| 999 |
_c75341 _d75341 |
||